| 000 | 00764nam a2200265Ia 4500 | ||
|---|---|---|---|
| 003 | OSt | ||
| 005 | 20220918220543.0 | ||
| 006 | a|||||r|||| 00| 0 | ||
| 007 | ta | ||
| 008 | 220917b |||||||| |||| 00| 0 eng d | ||
| 024 | _a146,398 | ||
| 037 | _cTextual | ||
| 040 |
_aARTS _cARTS _beng |
||
| 041 |
_2eng _aeng |
||
| 082 | _aYZ.3, M2 | ||
| 100 |
_aCawson Alan _9137782 |
||
| 245 | 0 |
_aCorporatism and welfare _b Social policy and state intervention in Britain |
|
| 260 |
_aLondon _bHeinemann Educational Books _c1982 |
||
| 300 |
_avii, 145p. _ccm. |
||
| 490 | _aStudies in social policy and welfare; 17 | ||
| 500 | _aBibliography p113-134 | ||
| 650 | _aSOCIOLOGY | ||
| 942 |
_hYZ.3, M2 _cTEXL _2CC |
||
| 999 |
_c269154 _d269154 |
||